[Event "Belgrade Serbia op"]
[Site "Belgrade"]
[Date "2023.07.22"]
[Round "7"]
[White "Girgis, Lazar"]
[Black "Barkasheva, Sofia"]
[Result "1/2-1/2"]
[WhiteElo "1965"]
[BlackElo "1636"]
[PlyCount "114"]
[EventDate "2023.07.16"]
[EventType "swiss"]
[EventRounds "9"]
[EventCountry "SRB"]
[SourceTitle "CBM 215 Extra"]
[Source "ChessBase"]
[SourceDate "2023.09.30"]
[SourceVersion "1"]
[SourceVersionDate "2023.09.30"]
[SourceQuality "1"]

1. d4 d5 2. c4 c6 3. Nf3 Nf6 4. Nc3 e6 5. g3 Bd6 6. Bg2 0-0 7. 0-0 Nbd7 8. Qc2 Re8 9. Rd1 Qe7 10. Bg5 h6 11. Bxf6 Nxf6 12. e4 dxe4 13. Nxe4 Nxe4 14. Qxe4 Bd7 15. Ne5 Rad8 16. Rd3 Bc8 17. Rad1 f6 18. Ng6 Qf7 19. Nh4 f5 20. Qe1 Bc7 21. Nf3 g5 22. Ne5 Bxe5 23. dxe5 Rxd3 24. Rxd3 Qc7 25. Rd6 f4 26. Bh3 Qf7 27. Qd2 fxg3 28. hxg3 Rf8 29. Rd8 Qc7 30. Rxf8+ Kxf8 31. c5 Qd7 32. Qxd7 Bxd7 33. f4 Kf7 34. fxg5 h5 35. Kf2 Kg6 36. a4 Kxg5 37. b4 h4 38. gxh4+ Kxh4 39. Bg2 Kg4 40. Ke3 Kf5 41. Kd4 a6 42. b5 axb5 43. axb5 Kf4 44. Be4 Be8 45. b6 Bd7 46. Bd3 Kf3 47. Bf1 Kf4 48. Be2 Bc8 49. Bh5 Kf5 50. Be8 Kf4 51. Bg6 Bd7 52. Be4 Be8 53. Bg2 Bd7 54. Bf1 Kf5 55. Be2 Kf4 56. Bf1 Kf5 57. Be2 Kf4 1/2-1/2

[Event "Belgrade Serbia op"]
[Site "Belgrade"]
[Date "2023.07.18"]
[Round "3"]
[White "Stefan, Iulia Cristiana"]
[Black "Girgis, Lazar"]
[Result "1/2-1/2"]
[WhiteElo "1679"]
[BlackElo "1965"]
[PlyCount "107"]
[EventDate "2023.07.16"]
[EventType "swiss"]
[EventRounds "9"]
[EventCountry "SRB"]
[SourceTitle "CBM 215 Extra"]
[Source "ChessBase"]
[SourceDate "2023.09.30"]
[SourceVersion "1"]
[SourceVersionDate "2023.09.30"]
[SourceQuality "1"]

1. d4 Nf6 2. Bf4 g6 3. Nf3 Bg7 4. Nbd2 0-0 5. c3 d6 6. e4 Nfd7 7. Be2 e5 8. dxe5 dxe5 9. Be3 Nc6 10. 0-0 a5 11. Qc2 Qe7 12. Rfe1 Nd8 13. Bf1 Ne6 14. a4 Kh8 15. Nc4 f5 16. exf5 gxf5 17. Rad1 b6 18. Bc1 e4 19. Nd4 Bb7 20. Nxe6 Qxe6 21. Bf4 Rac8 22. Qd2 Nc5 23. Qc2 Qc6 24. b3 Nd3 25. Rxd3 exd3 26. Qxd3 Ba6 27. Qg3 Bxc4 28. Bxc4 Rce8 29. Rd1 Rd8 30. Rxd8 Rxd8 31. h3 Re8 32. Bxc7 Re1+ 33. Kh2 Qxc7 34. Qxc7 Be5+ 35. Qxe5+ Rxe5 36. Kg3 Kg7 37. Kf4 Kf6 38. f3 h6 39. g4 Re1 40. gxf5 Rh1 41. Kg4 Rc1 42. Be6 Rxc3 43. h4 Rd3 44. Kg3 Rd4 45. Kh3 Ke5 46. Kg3 Rf4 47. Bd7 Rd4 48. Be6 Rb4 49. Bc4 Kf6 50. Be6 Rd4 51. Kh3 Ke5 52. Kg3 Rd3 53. Kg4 Rd4+ 54. Kg3 1/2-1/2

[Event "Belgrade Serbia op"]
[Site "Belgrade"]
[Date "2023.07.17"]
[Round "2"]
[White "Girgis, Lazar"]
[Black "Enkhrii, Enkh Amgalan"]
[Result "1/2-1/2"]
[WhiteElo "1965"]
[BlackElo "1646"]
[PlyCount "101"]
[EventDate "2023.07.16"]
[EventType "swiss"]
[EventRounds "9"]
[EventCountry "SRB"]
[SourceTitle "CBM 215 Extra"]
[Source "ChessBase"]
[SourceDate "2023.09.30"]
[SourceVersion "1"]
[SourceVersionDate "2023.09.30"]
[SourceQuality "1"]

1. d4 Nf6 2. c4 g6 3. Nc3 d5 4. Bg5 Ne4 5. Nxe4 dxe4 6. e3 c5 7. Ne2 Nc6 8. d5 Ne5 9. Nc3 f5 10. Bf4 Bg7 11. h4 Qa5 12. Qd2 Bd7 13. Nxe4 Qb6 14. Nc3 Qb4 15. Bxe5 Bxe5 16. f4 Bf6 17. Rc1 a6 18. a3 Qa5 19. Nd1 Qc7 20. b4 cxb4 21. axb4 a5 22. c5 axb4 23. Qxb4 Ra4 24. Qd2 0-0 25. Be2 Qa5 26. Qxa5 Rxa5 27. c6 bxc6 28. dxc6 Be6 29. Bf3 Rc8 30. g3 Bd5 31. Bxd5+ Rxd5 32. Rh2 Kf7 33. Ra2 Ke6 34. Nf2 Rb5 35. Ra7 Rb6 36. c7 Kd7 37. Nd3 Rc6 38. Rxc6 Kxc6 39. Nb4+ Kb6 40. Ra2 Kxc7 41. Nd5+ Kd6 42. Nxf6 exf6 43. Ra6+ Rc6 44. Ra7 Rc7 45. Ra8 Rc2 46. Kf1 Kd5 47. Re8 Kd6 48. h5 gxh5 49. Rd8+ Ke6 50. Rd4 h4 51. gxh4 1/2-1/2